000
00201nam a2200085Ia 4500
008
250605s9999 xx 000 0 und d
041
_a
eng
100
_a
Eashani Batra
245
_a
MEFCOM Capital Markets Ltd
999
_c
44275
_d
44275